Minecraft Loot: Igloo - Statistics

General Stats
  • This quiz has been taken 11 times
  • The average score is 5 of 8
Answer Stats
Pool Item Stack Size Weight % Correct
Pool 2(1) Golden Apple 1 100%
100%
Pool 1(2-8) Emerald 1 1.6%
70%
Pool 1(2-8) Rotten Flesh 1 16%
70%
Pool 1(2-8) Wheat 2-3 16%
70%
Pool 1(2-8) Apple 1-3 24%
60%
Pool 1(2-8) Coal 1-4 24%
50%
Pool 1(2-8) Stone Axe 1 3.2%
50%
Pool 1(2-8) Gold Nugget 1-3 16%
40%
No matching quizzes found
Score Distribution
Percent of People with Each Score
Percentile by Number Answered
Your Score History
You have not taken this quiz